00456pab a2200157 454500008004000000100002300040245008200063260000900145300001500154362001200169650002100181650003300202650002500235700002100260773001700281180718b2014 xxu||||| |||| 00| 0 eng d aAhmadi, Habiballah aA study on elementary education as a basic: Human right of children in India  c2014 ap.191-201. aJan-Jun aChildren - India aElementary education - India aElementary education aPriya, Y. Vishnu aMan in India